000 00230nmm a2200085Ia 4500
008 220120s9999||||xx |||||||||||||||||und||
100 _aDigit
245 0 _aMalromedia Dream weaver 8, Linux, DEV tools, system, Multime
260 _c2005
999 _c138623
_d138623